000 01389nam0a22003611 4500
001 rc\2283597
005 20250623042638.0
035 _a(NLR Aleph) 006562584
090 _a6859577
_c6859577
100 _a20110829d1976 |||y0rusy50 ca
101 1 _arus
_ceng
102 _aRU
105 _ay z |||||
200 1 _aВведение в теорию матриц
_fР. Беллман
_gПер. с англ., под ред. В.Б. Лидского
205 _a2-е изд.
210 _aМосква
_cНаука
_d1976
215 _a351 с.
_d22
311 _aПеревод изд.: Introduction to matrix analysis/ By Richard Bellman (New York а. и., 1960)
320 _aПредм. указ.: с. 349-351
320 _aСписки лит. в конце глав
454 0 _12001#$aIntroduction to matrix analysis$fBy Richard Bellman
_1210##$aNew York а. и.$d1960
_1700#1$aBellman$bR.$gRichard
_tIntroduction to matrix analysis
_aBellman, Richard
606 _aМатрицы (мат.)
_2psbo
686 _aВ152.23,0
_2rubbk
700 1 _aБеллман
_bР.Э.
_f1920-
_gРичард Эрнст
702 1 _aЛидский
_bВ.Б.
_4730
_4340
801 0 _aRU
_bNLR
_gpsbo
801 1 _aRU
_bELAR
_2rusmarc
852 _aNLR
_j77-5/536
899 _aRuMoRGB
_jБ 76-9/999
899 _aRuMoRGB
_jБ 76-9/1000
899 _aRuMoRGB
_jФ 1-78/9972
942 _cBOOK
980 _aNB